000 00706nam0a22002291 4500
001 RU\NLR\BIBL_A\022440156
005 20250625234646.0
035 _a(NLR Aleph) 022440156
090 _a13351358
_c13351358
100 _a20250130d1960 |||y0rusy50 ca
101 0 _arus
_cchi
102 _aRU
105 _ay z|||000yy
200 1 _aЭкономическая География Китайского Приамурья
_fУ Чуань-Цзюнь
_gГо Лай-Си
210 _aМ.
_cГеографгиз
_d1960
215 _a128 с.
700 1 _aУ
_bЧ.-Ц.
_gЧуань-Цзюнь
_4070
852 _aNLR
_bОЛСАА-сл-спр
_j2-1459
942 _cBOOK
980 1 _aSL_SPR
980 _aNB